000 00875nmm a2200277 a 4500
001 ocm0001864919
003 TR-IsHL
005 20201028172656.0
008 180528s2018 tu eng
007 cr cn
020 _a9786052259658
035 _a1864919
_b(N$T)
050 0 4 _aPL248.D87
_bH38 2018
090 0 4 _aPL248.D87
_bH38 2018
100 1 _aDurmuş, İzzet
245 1 0 _aHayalet harekatçı
_h[electronic resource] /
_cİzzet Durmuş
250 _aBirinci basım
260 _aİstanbul :
_be-Kitap Projesi & Cheapest Books,
_c2018
300 _a133 p.
650 4 _aDil ve Edebiyat
650 4 _aLanguage and Literature
650 0 _aTürk romanı
650 0 _aTurkish fiction
650 7 _aLITERARY COLLECTIONS / Middle Eastern
_2bisacsh
856 4 0 _uhttp://search.ebscohost.com/login.aspx?direct=true&scope=site&db=e011xww&AN=1864919
999 _c17319
_d17319